[Event "11th Arad Open 2018"]
[Site "Arad"]
[Date "2018.08.08"]
[Round "5"]
[White "Joo, Janos"]
[Black "Tiba, Vladyslav"]
[Result "0-1"]
[WhiteElo "2088"]
[BlackElo "2356"]
[Annotator "NA"]
[PlyCount "108"]
[EventDate "2018.08.05"]
[EventType "swiss"]
[EventCountry "ROU"]
[SourceTitle "playchess.com"]
[Source "ChessBase"]
[SourceQuality "1"]
[TimeControl "40/5400+30:1800+30"]

1. e4 {[%emt 0:03:43]} c5 {[%emt 0:00:00]} 2. Nf3 {[%emt 0:00:48]} e6 {[%emt 0:00:00]} 3. d4 {[%emt 0:00:31]} cxd4 {[%emt 0:00:00]} 4. Nxd4 {[%emt 0:00:02]} a6 {[%emt 0:00:12]} 5. Nc3 {[%emt 0:00:10]} Qc7 {[%emt 0:00:12]} 6. Bd3 {[%emt 0:00:33]} Nf6 {[%emt 0:01:02]} 7. O-O {[%emt 0:00:33]} d6 {[%emt 0:01:41]} 8. Kh1 {[%emt 0:02:14]} Be7 {[%emt 0:00:51]} 9. Be3 {[%emt 0:04:40]} b5 {[%emt 0:07:42]} 10. a3 {[%emt 0:00:35]} Nbd7 {[%emt 0:02:20]} 11. f4 {[%emt 0:06:44]} Bb7 {[%emt 0:01:59]} 12. Qf3 {[%emt 0:02:45]} O-O {[%emt 0:07:42]} 13. Rae1 {[%emt 0:00:22]} Nc5 {[%emt 0:02:42]} 14. Bg1 {[%emt 0:04:44]} Nfd7 {[%emt 0:11:52]} 15. Qh3 {[%emt 0:01:58]} Bf6 {[%emt 0:07:17]} 16. Rf3 {[%emt 0:07:57]} Rfe8 {[%emt 0:03:14]} 17. Ref1 {[%emt 0:05:13]} g6 {[%emt 0:08:09]} 18. f5 {[%emt 0:03:34]} Qd8 {[%emt 0:14:29]} 19. fxe6 {[%emt 0:04:16]} fxe6 {[%emt 0:00:31]} 20. b4 {[%emt 0:08:08]} Nxd3 {[%emt 0:00:22]} 21. cxd3 {[%emt 0:02:24]} Qe7 {[%emt 0:01:09]} 22. Nde2 {[%emt 0:02:04]} Rf8 {[%emt 0:03:42]} 23. d4 {[%emt 0:01:37]} e5 {[%emt 0:04:34]} 24. Nd5 {[%emt 0:04:05]} Bxd5 {[%emt 0:00:26]} 25. exd5 {[%emt 0:00:02]} e4 {[%emt 0:01:31]} 26. Rc3 {[%emt 0:03:06]} Nb6 {[%emt 0:02:53]} 27. Rc6 {[%emt 0:01:55]} Nc4 {[%emt 0:04:45]} 28. a4 {[%emt 0:02:11]} Nd2 {[%emt 0:05:33]} 29. Rfc1 {[%emt 0:00:30]} Nc4 {[%emt 0:00:50]} 30. Nc3 {[%emt 0:05:37]} e3 {[%emt 0:03:22]} 31. axb5 {[%emt 0:00:42]} axb5 {[%emt 0:00:06]} 32. Qg4 {[%emt 0:07:34]} Rae8 {[%emt 0:04:04]} 33. Ne2 {[%emt 0:04:57]} Bg5 {[%emt 0:00:28]} 34. h3 {[%emt 0:04:08]} Rf5 {[%emt 0:00:28]} 35. Ra1 {[%emt 0:01:10]} Ref8 {[%emt 0:00:47]} 36. Rca6 {[%emt 0:00:47]} Qf7 {[%emt 0:00:30]} 37. Ng3 {[%emt 0:02:15]} h5 {[%emt 0:00:26]} 38. Qe2 {[%emt 0:01:24]} Rxd5 {[%emt 0:00:19]} 39. Ra7 {[%emt 0:00:13]} Qe8 {[%emt 0:00:47]} 40. Qd3 {[%emt 0:00:00]} Qe6 {[%emt 0:00:00]} 41. Rb7 {[%emt 0:17:36]} Rf7 {[%emt 0:21:27]} 42. Ra8+ {[%emt 0:00:48]} Kh7 {[%emt 0:02:19]} 43. Rbb8 {[%emt 0:00:43]} Bf6 {[%emt 0:00:33]} 44. Ne4 {[%emt 0:01:46]} Rf5 {[%emt 0:07:24]} 45. Bxe3 {[%emt 0:01:39]} Bg7 {[%emt 0:01:17]} 46. Bg1 {[%emt 0:03:49]} d5 {[%emt 0:00:22]} 47. Ng3 {[%emt 0:01:15]} Rg5 {[%emt 0:00:13]} 48. Re8 {[%emt 0:01:25]} Qd6 {[%emt 0:00:18]} 49. Ne2 {[%emt 0:00:38]} Qxb4 {[%emt 0:00:38]} 50. Ra6 {[%emt 0:03:56]} Nd6 {[%emt 0:00:54]} 51. Re6 {[%emt 0:00:35]} Ne4 {[%emt 0:00:10]} 52. Be3 {[%emt 0:00:41]} Qe1+ {[%emt 0:00:17]} 53. Kh2 {[%emt 0:00:21]} Nf2 {[%emt 0:00:48]} 54. Bxf2 {[%emt 0:00:47]} Qxf2 0-1

[Event "11th Arad Open 2018"]
[Site "Arad"]
[Date "2018.08.08"]
[Round "5"]
[White "Bai, Adelard"]
[Black "Trifan, Andrei Ioan"]
[Result "1/2-1/2"]
[WhiteElo "2071"]
[BlackElo "2308"]
[Annotator "NA"]
[PlyCount "65"]
[EventDate "2018.08.05"]
[EventType "swiss"]
[EventCountry "ROU"]
[SourceTitle "playchess.com"]
[Source "ChessBase"]
[SourceQuality "1"]
[TimeControl "40/5400+30:1800+30"]

1. d4 {[%emt 0:00:00]} Nf6 {[%emt 0:00:34]} 2. c4 {[%emt 0:00:03]} g6 {[%emt 0:01:00]} 3. f3 {[%emt 0:00:44]} c5 {[%emt 0:07:10]} 4. d5 {[%emt 0:00:18]} d6 {[%emt 0:01:20]} 5. Nc3 {[%emt 0:01:31]} Bg7 {[%emt 0:02:23]} 6. e4 {[%emt 0:04:48]} O-O {[%emt 0:03:49]} 7. Be3 {[%emt 0:00:27]} Na6 {[%emt 0:03:52]} 8. Qd2 {[%emt 0:02:51]} Nc7 {[%emt 0:14:07]} 9. Nge2 {[%emt 0:04:32]} Rb8 {[%emt 0:07:11]} 10. Ng3 {[%emt 0:01:38]} b5 {[%emt 0:06:43]} 11. cxb5 {[%emt 0:05:22]} a6 {[%emt 0:00:58]} 12. bxa6 {[%emt 0:01:15]} Bxa6 {[%emt 0:01:53]} 13. Bxa6 {[%emt 0:00:35]} Nxa6 {[%emt 0:02:08]} 14. O-O {[%emt 0:04:09]} Nd7 {[%emt 0:03:35]} 15. Rac1 {[%emt 0:09:18]} Qa5 {[%emt 0:08:57]} 16. Kh1 {[%emt 0:04:26]} Ne5 {[%emt 0:03:31]} 17. b3 {[%emt 0:01:04]} Rfc8 {[%emt 0:05:05]} 18. Bh6 {[%emt 0:03:09]} c4 {[%emt 0:05:12]} 19. Bxg7 {[%emt 0:04:08]} Kxg7 {[%emt 0:00:02]} 20. bxc4 {[%emt 0:04:32]} Rxc4 {[%emt 0:00:32]} 21. f4 {[%emt 0:04:09]} Nd7 {[%emt 0:01:22]} 22. Nb1 {[%emt 0:05:42]} Qxd2 {[%emt 0:01:53]} 23. Nxd2 {[%emt 0:02:15]} Rxc1 {[%emt 0:00:33]} 24. Rxc1 {[%emt 0:00:10]} Rb2 {[%emt 0:00:25]} 25. Nc4 {[%emt 0:00:32]} Rxa2 {[%emt 0:00:33]} 26. e5 {[%emt 0:03:54]} dxe5 {[%emt 0:04:06]} 27. fxe5 {[%emt 0:00:36]} Nb4 {[%emt 0:00:52]} 28. d6 {[%emt 0:05:28]} exd6 {[%emt 0:04:29]} 29. exd6 {[%emt 0:00:45]} Nd3 {[%emt 0:01:30]} 30. Rf1 {[%emt 0:01:24]} f5 {[%emt 0:02:28]} 31. h3 {[%emt 0:01:51]} Ra4 {[%emt 0:02:00]} 32. Nd2 {[%emt 0:00:43]} Rd4 {[%emt 0:00:42]} 33. Rxf5 {[%emt 0:01:28]} 1/2-1/2

[Event "11th Arad Open 2018"]
[Site "Arad"]
[Date "2018.08.08"]
[Round "5"]
[White "Craciun, Alexandru-Emilian"]
[Black "Yordanov, Lachezar"]
[Result "0-1"]
[WhiteElo "2069"]
[BlackElo "2314"]
[Annotator "NA"]
[PlyCount "98"]
[EventDate "2018.08.05"]
[EventType "swiss"]
[EventCountry "ROU"]
[SourceTitle "playchess.com"]
[Source "ChessBase"]
[SourceQuality "1"]
[TimeControl "40/5400+30:1800+30"]

1. e4 {[%emt 0:00:00]} c5 {[%emt 0:00:11]} 2. Nf3 {[%emt 0:00:16]} d6 {[%emt 0:00:08]} 3. d3 {[%emt 0:00:42]} Nc6 {[%emt 0:00:18]} 4. g3 {[%emt 0:00:10]} g6 {[%emt 0:00:05]} 5. Bg2 {[%emt 0:00:27]} Bg7 {[%emt 0:00:06]} 6. O-O {[%emt 0:00:17]} e6 {[%emt 0:00:04]} 7. c3 {[%emt 0:03:10]} Nge7 {[%emt 0:00:17]} 8. d4 {[%emt 0:04:26]} cxd4 {[%emt 0:01:27]} 9. cxd4 {[%emt 0:00:11]} O-O {[%emt 0:00:23]} 10. Nc3 {[%emt 0:05:25]} b6 {[%emt 0:03:08]} 11. Be3 {[%emt 0:01:42]} Ba6 {[%emt 0:00:20]} 12. Re1 {[%emt 0:00:11]} Rc8 {[%emt 0:00:13]} 13. Qd2 {[%emt 0:03:12]} e5 {[%emt 0:07:14]} 14. d5 {[%emt 0:08:10]} Nb8 {[%emt 0:01:49]} 15. Bf1 {[%emt 0:01:12]} Bxf1 {[%emt 0:00:26]} 16. Rxf1 {[%emt 0:00:03]} Qd7 {[%emt 0:07:03]} 17. Kh1 {[%emt 0:01:49]} Na6 {[%emt 0:01:14]} 18. Rfc1 {[%emt 0:13:34]} Nc5 {[%emt 0:00:44]} 19. b4 {[%emt 0:05:26]} Na4 {[%emt 0:01:17]} 20. a3 {[%emt 0:00:31]} Nxc3 {[%emt 0:00:36]} 21. Rxc3 {[%emt 0:00:03]} Qg4 {[%emt 0:01:17]} 22. Ng5 {[%emt 0:03:07]} h6 {[%emt 0:01:17]} 23. Rxc8 {[%emt 0:05:10]} Nxc8 {[%emt 0:01:12]} 24. h3 {[%emt 0:00:57]} Qd7 {[%emt 0:00:15]} 25. Nf3 {[%emt 0:01:06]} Qxh3+ {[%emt 0:00:10]} 26. Kg1 {[%emt 0:02:55]} Qg4 {[%emt 0:02:18]} 27. Kg2 {[%emt 0:00:21]} g5 {[%emt 0:00:35]} 28. Qc2 {[%emt 0:03:30]} Ne7 {[%emt 0:00:49]} 29. Nh2 {[%emt 0:01:29]} Qd7 {[%emt 0:00:06]} 30. Rc1 {[%emt 0:02:24]} Rc8 {[%emt 0:00:13]} 31. Qd2 {[%emt 0:04:54]} f5 {[%emt 0:00:21]} 32. f3 {[%emt 0:00:51]} f4 {[%emt 0:02:21]} 33. gxf4 {[%emt 0:00:30]} exf4 {[%emt 0:00:06]} 34. Rxc8+ {[%emt 0:00:46]} Qxc8 {[%emt 0:00:12]} 35. Bd4 {[%emt 0:00:33]} Ng6 {[%emt 0:00:13]} 36. Bxg7 {[%emt 0:05:10]} Kxg7 {[%emt 0:00:07]} 37. Ng4 {[%emt 0:00:34]} h5 {[%emt 0:01:57]} 38. Qb2+ {[%emt 0:06:55]} Kh7 {[%emt 0:00:48]} 39. Nh2 {[%emt 0:00:19]} Ne5 {[%emt 0:00:22]} 40. Qd2 {[%emt 0:00:00]} Qc4 {[%emt 0:00:00]} 41. a4 {[%emt 0:20:02]} Kg6 {[%emt 0:18:02]} 42. a5 {[%emt 0:00:45]} Nd3 {[%emt 0:02:28]} 43. axb6 {[%emt 0:01:16]} axb6 {[%emt 0:00:04]} 44. Qe2 {[%emt 0:02:11]} b5 {[%emt 0:00:40]} 45. Qd2 {[%emt 0:04:54]} Nxb4 {[%emt 0:01:03]} 46. e5 {[%emt 0:00:41]} Qc2 {[%emt 0:00:10]} 47. Qxc2+ {[%emt 0:01:21]} Nxc2 {[%emt 0:00:05]} 48. exd6 {[%emt 0:00:15]} Kf7 {[%emt 0:00:29]} 49. Kf2 {[%emt 0:00:32]} Ne3 {[%emt 0:00:06]} 0-1

[Event "11th Arad Open 2018"]
[Site "Arad"]
[Date "2018.08.08"]
[Round "5"]
[White "Marin, Irina-Luiza"]
[Black "Nastase, Robert-Paul"]
[Result "0-1"]
[WhiteElo "2056"]
[BlackElo "2299"]
[Annotator "NA"]
[PlyCount "62"]
[EventDate "2018.08.05"]
[EventType "swiss"]
[EventCountry "ROU"]
[SourceTitle "playchess.com"]
[Source "ChessBase"]
[SourceQuality "1"]
[TimeControl "40/5400+30:1800+30"]

1. c4 {[%emt 0:00:00]} e5 {[%emt 0:00:07]} 2. g3 {[%emt 0:00:00]} c6 {[%emt 0:00:04]} 3. d4 {[%emt 0:01:01]} e4 {[%emt 0:00:29]} 4. Bg2 {[%emt 0:01:06]} Nf6 {[%emt 0:01:00]} 5. Nc3 {[%emt 0:01:33]} d5 {[%emt 0:00:08]} 6. cxd5 {[%emt 0:00:12]} cxd5 {[%emt 0:00:08]} 7. Bg5 {[%emt 0:09:51]} Bb4 {[%emt 0:09:24]} 8. Rc1 {[%emt 0:01:48]} O-O {[%emt 0:00:34]} 9. Nh3 {[%emt 0:02:00]} h6 {[%emt 0:14:33]} 10. Bxf6 {[%emt 0:01:19]} Qxf6 {[%emt 0:00:05]} 11. Nf4 {[%emt 0:06:30]} Rd8 {[%emt 0:00:14]} 12. O-O {[%emt 0:01:02]} Bxc3 {[%emt 0:00:35]} 13. Rxc3 {[%emt 0:04:51]} Nc6 {[%emt 0:00:06]} 14. e3 {[%emt 0:02:46]} g5 {[%emt 0:02:24]} 15. Nh5 {[%emt 0:05:38]} Qg6 {[%emt 0:00:07]} 16. g4 {[%emt 0:01:28]} f5 {[%emt 0:01:07]} 17. h3 {[%emt 0:00:56]} Rf8 {[%emt 0:02:13]} 18. f3 {[%emt 0:01:36]} Be6 {[%emt 0:01:20]} 19. Rc2 {[%emt 0:15:44]} exf3 {[%emt 0:15:23]} 20. Bxf3 {[%emt 0:02:04]} fxg4 {[%emt 0:00:16]} 21. hxg4 {[%emt 0:08:33]} Rf7 {[%emt 0:01:51]} 22. Rcf2 {[%emt 0:03:56]} Raf8 {[%emt 0:01:48]} 23. Qb3 {[%emt 0:04:02]} Na5 {[%emt 0:00:29]} 24. Qb5 {[%emt 0:11:28]} Nc4 {[%emt 0:00:06]} 25. Bxd5 {[%emt 0:00:29]} Rxf2 {[%emt 0:00:29]} 26. Rxf2 {[%emt 0:01:52]} Qb1+ {[%emt 0:01:42]} 27. Kg2 {[%emt 0:02:06]} Nxe3+ {[%emt 0:00:05]} 28. Kh3 {[%emt 0:00:28]} Nxd5 {[%emt 0:00:25]} 29. Rxf8+ {[%emt 0:04:42]} Kxf8 {[%emt 0:00:05]} 30. Qe2 {[%emt 0:00:19]} Qh1+ {[%emt 0:01:13]} 31. Kg3 {[%emt 0:00:11]} Qh4+ {[%emt 0:00:24]} 0-1

[Event "11th Arad Open 2018"]
[Site "Arad"]
[Date "2018.08.08"]
[Round "5"]
[White "Solcanean, Serghei"]
[Black "Cerbulenco, Liviu"]
[Result "0-1"]
[WhiteElo "2051"]
[BlackElo "2287"]
[Annotator "NA"]
[PlyCount "77"]
[EventDate "2018.08.05"]
[EventType "swiss"]
[EventCountry "ROU"]
[SourceTitle "playchess.com"]
[Source "ChessBase"]
[SourceQuality "1"]
[TimeControl "40/5400+30:1800+30"]

1. d4 {[%emt 0:05:12]} Nf6 {[%emt 0:00:06]} 2. c4 {[%emt 0:00:17]} g6 {[%emt 0:00:11]} 3. Nc3 {[%emt 0:00:08]} Bg7 {[%emt 0:00:11]} 4. e4 {[%emt 0:00:11]} d6 {[%emt 0:00:06]} 5. Be2 {[%emt 0:00:11]} O-O {[%emt 0:00:10]} 6. Nf3 {[%emt 0:00:16]} c5 {[%emt 0:00:08]} 7. d5 {[%emt 0:00:24]} e6 {[%emt 0:00:05]} 8. O-O {[%emt 0:01:26]} exd5 {[%emt 0:00:06]} 9. cxd5 {[%emt 0:00:05]} Bg4 {[%emt 0:01:44]} 10. Bf4 {[%emt 0:00:18]} a6 {[%emt 0:00:09]} 11. a4 {[%emt 0:00:07]} Bxf3 {[%emt 0:00:17]} 12. Bxf3 {[%emt 0:00:06]} Ne8 {[%emt 0:00:09]} 13. Qb3 {[%emt 0:02:59]} b6 {[%emt 0:09:45]} 14. Rfe1 {[%emt 0:01:25]} Nd7 {[%emt 0:00:29]} 15. Be2 {[%emt 0:00:25]} Qe7 {[%emt 0:03:16]} 16. Qc2 {[%emt 0:01:51]} Nc7 {[%emt 0:00:29]} 17. Bg3 {[%emt 0:00:20]} Rab8 {[%emt 0:02:31]} 18. f4 {[%emt 0:00:28]} Bd4+ {[%emt 0:09:49]} 19. Kh1 {[%emt 0:00:13]} b5 {[%emt 0:00:59]} 20. axb5 {[%emt 0:01:37]} axb5 {[%emt 0:00:03]} 21. Bf3 {[%emt 0:04:55]} b4 {[%emt 0:01:30]} 22. Ne2 {[%emt 0:01:51]} Bg7 {[%emt 0:00:12]} 23. Rad1 {[%emt 0:00:58]} Rb6 {[%emt 0:05:01]} 24. b3 {[%emt 0:01:20]} Nb5 {[%emt 0:01:59]} 25. Bg4 {[%emt 0:00:57]} Na3 {[%emt 0:03:35]} 26. Qd3 {[%emt 0:00:23]} c4 {[%emt 0:01:09]} 27. bxc4 {[%emt 0:00:09]} Nc5 {[%emt 0:00:06]} 28. Qf3 {[%emt 0:01:18]} Qxe4 {[%emt 0:03:09]} 29. Bf2 {[%emt 0:02:44]} Qxf3 {[%emt 0:00:34]} 30. Bxf3 {[%emt 0:00:14]} b3 {[%emt 0:05:03]} 31. Bxc5 {[%emt 0:02:13]} dxc5 {[%emt 0:00:03]} 32. Be4 {[%emt 0:00:18]} Nxc4 {[%emt 0:01:33]} 33. Bb1 {[%emt 0:01:48]} Nd6 {[%emt 0:00:38]} 34. Ng3 {[%emt 0:00:10]} c4 {[%emt 0:01:01]} 35. Ne4 {[%emt 0:00:10]} c3 {[%emt 0:00:57]} 36. Nxd6 {[%emt 0:00:05]} Rxd6 {[%emt 0:00:03]} 37. Rd3 {[%emt 0:00:25]} Rc8 {[%emt 0:01:31]} 38. Rc1 c2 39. Rxb3 0-1

[Event "11th Arad Open 2018"]
[Site "Arad"]
[Date "2018.08.08"]
[Round "5"]
[White "Coca, Cristi-Iulian"]
[Black "Pisu, Robert-Daniel"]
[Result "1/2-1/2"]
[WhiteElo "2024"]
[BlackElo "2282"]
[Annotator "NA"]
[PlyCount "135"]
[EventDate "2018.08.05"]
[EventType "swiss"]
[EventCountry "ROU"]
[SourceTitle "playchess.com"]
[Source "ChessBase"]
[SourceQuality "1"]
[TimeControl "40/5400+30:1800+30"]

1. Nf3 {[%emt 0:00:00]} Nf6 {[%emt 0:00:11]} 2. g3 {[%emt 0:00:00]} d5 {[%emt 0:01:10]} 3. Bg2 {[%emt 0:00:00]} c6 {[%emt 0:00:18]} 4. O-O {[%emt 0:00:12]} Bf5 {[%emt 0:00:41]} 5. d3 {[%emt 0:00:18]} h6 {[%emt 0:00:37]} 6. Nbd2 {[%emt 0:00:30]} e6 {[%emt 0:00:16]} 7. Re1 {[%emt 0:02:29]} Be7 {[%emt 0:00:40]} 8. c4 {[%emt 0:07:12]} O-O {[%emt 0:03:39]} 9. Qb3 {[%emt 0:04:49]} Nbd7 {[%emt 0:01:25]} 10. d4 {[%emt 0:16:15]} Qb6 {[%emt 0:10:37]} 11. Qxb6 {[%emt 0:08:15]} axb6 {[%emt 0:03:32]} 12. b3 {[%emt 0:13:03]} Ne4 {[%emt 0:15:36]} 13. Nxe4 {[%emt 0:09:35]} Bxe4 {[%emt 0:00:08]} 14. Bb2 {[%emt 0:04:30]} Ra7 {[%emt 0:17:03]} 15. cxd5 {[%emt 0:04:20]} exd5 {[%emt 0:02:10]} 16. Bh3 {[%emt 0:00:48]} Nf6 {[%emt 0:05:11]} 17. a3 {[%emt 0:12:10]} Rfa8 {[%emt 0:14:50]} 18. b4 {[%emt 0:00:53]} Bxf3 {[%emt 0:02:36]} 19. exf3 {[%emt 0:00:02]} Bf8 {[%emt 0:00:07]} 20. Rac1 {[%emt 0:01:13]} b5 {[%emt 0:01:17]} 21. Re3 {[%emt 0:01:23]} Ne8 {[%emt 0:00:27]} 22. Bf1 {[%emt 0:00:42]} Nd6 {[%emt 0:00:44]} 23. Re5 {[%emt 0:02:16]} Rd8 {[%emt 0:05:45]} 24. Rd1 {[%emt 0:03:26]} Raa8 {[%emt 0:01:10]} 25. f4 {[%emt 0:00:23]} g6 {[%emt 0:05:42]} 26. f3 {[%emt 0:00:58]} f6 {[%emt 0:02:44]} 27. Re6 {[%emt 0:00:22]} Kf7 {[%emt 0:00:04]} 28. Rde1 {[%emt 0:00:20]} Ne4 {[%emt 0:03:44]} 29. Bh3 {[%emt 0:00:04]} Nd2 {[%emt 0:01:02]} 30. Kf2 {[%emt 0:00:29]} Nc4 {[%emt 0:00:29]} 31. Bc1 {[%emt 0:01:10]} Nxa3 {[%emt 0:00:07]} 32. f5 {[%emt 0:00:28]} g5 {[%emt 0:00:20]} 33. Bg4 {[%emt 0:00:41]} Nc2 {[%emt 0:00:43]} 34. Rd1 {[%emt 0:01:21]} Nxb4 {[%emt 0:00:09]} 35. f4 {[%emt 0:00:20]} Ra2+ {[%emt 0:00:06]} 36. Kg1 {[%emt 0:00:21]} Na6 {[%emt 0:01:47]} 37. fxg5 {[%emt 0:00:22]} hxg5 {[%emt 0:00:09]} 38. Rde1 {[%emt 0:00:06]} Nc7 {[%emt 0:00:22]} 39. Bh5+ {[%emt 0:00:08]} Kg7 {[%emt 0:00:20]} 40. R6e3 {[%emt 0:00:00]} Bb4 {[%emt 0:00:00]} 41. Rd1 {[%emt 0:16:20]} Rh8 {[%emt 0:21:46]} 42. g4 {[%emt 0:01:19]} Bd6 {[%emt 0:00:41]} 43. Rde1 {[%emt 0:00:26]} Bxh2+ {[%emt 0:04:03]} 44. Kf1 {[%emt 0:00:35]} Bd6 {[%emt 0:00:07]} 45. Re7+ {[%emt 0:05:21]} Bxe7 {[%emt 0:00:06]} 46. Rxe7+ {[%emt 0:00:03]} Kg8 {[%emt 0:00:27]} 47. Rxc7 {[%emt 0:00:54]} Rxh5 {[%emt 0:00:33]} 48. gxh5 {[%emt 0:00:04]} Ra1 {[%emt 0:00:03]} 49. Rxb7 {[%emt 0:01:14]} Rxc1+ {[%emt 0:00:04]} 50. Kf2 {[%emt 0:00:09]} Rh1 {[%emt 0:01:30]} 51. Rc7 {[%emt 0:00:13]} Rxh5 {[%emt 0:02:41]} 52. Rxc6 {[%emt 0:00:14]} Rh4 {[%emt 0:01:06]} 53. Ke3 {[%emt 0:02:09]} Rh3+ {[%emt 0:00:09]} 54. Kd2 {[%emt 0:00:17]} Kf7 {[%emt 0:03:20]} 55. Rc5 {[%emt 0:01:50]} b4 {[%emt 0:00:09]} 56. Rxd5 {[%emt 0:00:08]} b3 {[%emt 0:00:45]} 57. Rd7+ {[%emt 0:00:10]} Ke8 {[%emt 0:00:14]} 58. Rb7 {[%emt 0:01:45]} b2 {[%emt 0:01:07]} 59. Kc2 {[%emt 0:00:08]} Rh2+ {[%emt 0:00:08]} 60. Kb1 {[%emt 0:00:16]} Rd2 {[%emt 0:00:31]} 61. Rb6 {[%emt 0:01:31]} Rxd4 {[%emt 0:01:31]} 62. Rxf6 {[%emt 0:01:37]} Rb4 {[%emt 0:00:04]} 63. Rg6 {[%emt 0:00:06]} g4 {[%emt 0:00:10]} 64. Rg7 {[%emt 0:00:43]} Kf8 {[%emt 0:00:40]} 65. f6 {[%emt 0:00:05]} Ke8 {[%emt 0:00:11]} 66. Re7+ {[%emt 0:00:29]} Kf8 {[%emt 0:00:04]} 67. Rg7 {[%emt 0:00:04]} Ke8 {[%emt 0:00:04]} 68. Re7+ {[%emt 0:00:03]} 1/2-1/2

[Event "11th Arad Open 2018"]
[Site "Arad"]
[Date "2018.08.08"]
[Round "5"]
[White "Carasca, Bogdan-Petru"]
[Black "Florescu, Codrut-Constantin"]
[Result "1/2-1/2"]
[WhiteElo "1993"]
[BlackElo "2295"]
[Annotator "NA"]
[PlyCount "44"]
[EventDate "2018.08.05"]
[EventType "swiss"]
[EventCountry "ROU"]
[SourceTitle "playchess.com"]
[Source "ChessBase"]
[SourceQuality "1"]
[TimeControl "40/5400+30:1800+30"]

1. d4 {[%emt 0:00:00]} c5 {[%emt 0:12:21]} 2. d5 {[%emt 0:00:53]} d6 {[%emt 0:00:16]} 3. Nf3 {[%emt 0:00:43]} Nf6 {[%emt 0:00:08]} 4. c4 {[%emt 0:00:37]} e6 {[%emt 0:00:17]} 5. Nc3 {[%emt 0:00:18]} exd5 {[%emt 0:00:05]} 6. cxd5 {[%emt 0:00:14]} g6 {[%emt 0:00:06]} 7. Nd2 {[%emt 0:00:55]} Nbd7 {[%emt 0:01:52]} 8. e4 {[%emt 0:01:41]} a6 {[%emt 0:00:04]} 9. a4 {[%emt 0:00:56]} Rb8 {[%emt 0:00:04]} 10. Be2 {[%emt 0:01:07]} Bg7 {[%emt 0:00:25]} 11. Nc4 {[%emt 0:01:20]} Nb6 {[%emt 0:00:06]} 12. Na3 {[%emt 0:02:35]} Qe7 {[%emt 0:00:30]} 13. O-O {[%emt 0:01:33]} O-O {[%emt 0:00:12]} 14. Bf4 {[%emt 0:01:21]} Rd8 {[%emt 0:01:24]} 15. a5 {[%emt 0:01:48]} Nxe4 {[%emt 0:05:49]} 16. axb6 {[%emt 0:00:58]} Bxc3 {[%emt 0:00:05]} 17. Qc2 {[%emt 0:10:50]} Bd4 {[%emt 0:02:08]} 18. Bd3 {[%emt 0:01:58]} Qf6 {[%emt 0:08:34]} 19. Bc1 {[%emt 0:03:26]} Nxf2 {[%emt 0:07:22]} 20. Rxf2 {[%emt 0:00:21]} Re8 {[%emt 0:00:06]} 21. Kf1 {[%emt 0:01:59]} Qh4 {[%emt 0:01:09]} 22. Bf4 {[%emt 0:02:19]} Bg4 1/2-1/2

[Event "11th Arad Open 2018"]
[Site "Arad"]
[Date "2018.08.09"]
[Round "6"]
[White "Tarlev, Konstantin"]
[Black "Filip, Lucian-Ioan"]
[Result "1/2-1/2"]
[WhiteElo "2561"]
[BlackElo "2426"]
[Annotator "TA"]
[PlyCount "55"]
[EventDate "2018.08.05"]
[EventType "swiss"]
[EventCountry "ROU"]
[SourceTitle "playchess.com"]
[Source "ChessBase"]
[SourceQuality "1"]

{[%evp 13,55,0,0,-19,-14,-12,-18,-31,-23,-45,-30,-41,-37,-50,27,28,37,38,39,29,37,32,39,39,42,30,49,48,70,16,17,29,33,0,7,7,17,0,14,0,0,0,-5,-54]} 1. e4 e6 2. d4 d5 3. Nc3 Bb4 4. e5 c5 5. a3 Bxc3+ 6. bxc3 Qc7 7. Nf3 b6 {[%cal Bb7b6,Bb6c5,Bc5c4][%mdl 32] LiveBook: 172 Partien} 8. dxc5 {C18: Französische Verteidigung (Nimzowitsch-Variante)} (8. a4 Ba6 9. Bb5+ Bxb5 10. axb5 h6 11. O-O Ne7 12. Nh4 Ng6 13. Nxg6 fxg6 14. Qg4 Qf7 15. dxc5 bxc5 16. c4 Qf5 17. Qxf5 gxf5 18. cxd5 exd5 {1-0 (62) Radjabov,T (2744)-Ponomariov,R (2744) Moscow 2010}) 8... bxc5 9. c4 $146 ({Vorgänger:} 9. Bd3 c4 10. Be2 h6 11. O-O Nc6 12. Bf4 Nge7 13. Bg3 Nf5 14. Bf4 O-O 15. Nd4 Ncxd4 16. cxd4 {1-0 (26) Boisvert,J-Lane,M Canada 1976}) 9... Ne7 10. cxd5 exd5 11. Bd3 Nbc6 12. O-O c4 ({Viel schwächer wäre} 12... Nxe5 13. Bf4 $14) 13. Be2 Nxe5 ({Lieber} 13... O-O $15) 14. Qd4 $1 $36 {[%mdl 2048] Weiss kämpft um Vorteil.} Nxf3+ 15. Bxf3 {[#] Schwarz muss nun Lf4 beachten.} O-O $1 16. Bb2 {[%csl Gb2][%cal Rd4g7]} Nf5 17. Qxd5 Be6 18. Qe5 Rac8 {[%cal Ba8c8,Bc8c5,Bc5a5][%mdl 32]} 19. Qc3 Rfd8 20. Rae1 Qb6 21. Re4 (21. Bg4 $14 Qd4 22. Bxf5 Qxc3 {[#]} 23. Bxh7+ $1 {[%mdl 512]} Kxh7 24. Bxc3) 21... f6 $1 22. Bg4 Rc5 23. Bc1 {Droht stark Le3.} Bf7 {Die Stellung ist ausgeglichen.} 24. Rf4 Ne7 {Und weiter mit ...Sd5 wäre nett.} 25. Bf3 Qa5 26. Qxa5 Rxa5 27. Re4 Nc6 28. Re3 {Precision: Weiß = 49%, Schwarz = 72%.} 1/2-1/2